States By Cows Per Capita - Statistics

General Stats
  • This quiz has been taken 26 times
  • The average score is 11 of 15
Answer Stats
Hint Answer % Correct
2.13 Kansas
88%
0.43 Texas
88%
1.99 Montana
82%
3.31 Nebraska
82%
1.16 Oklahoma
82%
2.15 Wyoming
82%
1.14 Iowa
76%
2.24 North Dakota
76%
4.00 South Dakota
76%
0.45 Colorado
71%
1.36 Idaho
71%
0.67 Missouri
59%
0.62 New Mexico
59%
0.54 Arkansas
53%
0.58 Wisconsin
47%
No matching quizzes found
Score Distribution
Percent of People with Each Score
Percentile by Number Answered
Your Score History
You have not taken this quiz